Jezernice : [básně a pohádky] /

Hlavní autor: Trojak, Bogdan, 1975-
Další autoři: Petrák, František, 1961-
Jazyk: Čeština
Vydáno: Brno : Větrné mlýny :Host, 2001
Vydání: Vyd. 1.
Témata:
Externí odkaz: Digitalizovaný dokument
Fyzický popis: 64 s. : il. ; 18 cm
Knihy
Uloženo v:
LEADER 01290nam a2200325 a 4500
001 000598614
003 CZ BrMZK
005 20081119145429.0
007 ta
008 020506s2001 xr g p cze d
015 |a cnb000890742 
020 |a 80-86151-57-3 
035 |a (OCoLC)49836740 
040 |a BOA001  |c ze  |d BOA001 
072 7 |a 821.162.3-1  |x Česká poezie  |2 Konspekt  |9 25 
080 |a 821.162.3-1  |2 MRF 
080 |a (0:82-1)  |2 MRF 
100 1 |a Trojak, Bogdan,  |d 1975-  |7 jn19990008612  |4 aut 
245 1 0 |a Jezernice :  |b [básně a pohádky] /  |c Bogdan Trojak ; [ilustroval František Petrák] 
250 |a Vyd. 1. 
260 |a Brno :  |b Větrné mlýny :  |b Host,  |c 2001 
300 |a 64 s. :  |b il. ;  |c 18 cm 
500 |a Dostupné též v digitální podobě v aplikaci Kramerius 
655 7 |a česká poezie  |7 fd133958  |2 czenas 
700 1 |a Petrák, František,  |d 1961-  |7 jo20000074586  |4 ill 
856 4 1 |u http://www.digitalniknihovna.cz/mzk/uuid/uuid:ee1ab640-de77-11e4-97af-005056827e51  |y Digitalizovaný dokument  |x NDK 
910 |a BOA001  |b 1-1102.813 
990 |a BK 
996 7 |b 2610160599  |c 1-1102.813  |l MZK  |r Sklad / do 1 hodiny  |n 38  |p p.v.  |w 000598614  |u 000010  |a 1  |e BOA001  |j MZK50  |s A 
996 6 |b 2610834777  |c 1-1102.813  |l MZK  |r Sklad / do 1 hodiny  |n 4  |p dar  |w 000598614  |u 000020  |a 1  |e BOA001  |j MZK50  |s P